000 01315nam a2200229Ia 4500
003 Ost
005 20260416102356.0
008 260416s9999||||xx |||||||||||||| ||und||
040 _cfsecg
041 _aara
082 _a658.15
100 _aالزعبي، حمو
_eمؤلف
245 0 _a التسيير المالي /
_c حمو الزعبي
260 _aالجزائر
_bجامعة الجزائر3: كلية العلوم الإقتصادية، العلوم التجارية وعلوم التسيير
_c2020
300 _a103 ورقة
_bايضاحات
_c30 سم
504 _aمراجع ص.99
520 _aالادارة المالية في المؤسسة ، الاطار العام للتسيير المالي ، التحليل المالي الساكن، التحليل المالي الوظيفي ، التحليل المالي الديناميكي ، السياسة المالية آلية اتخاذ القرارات المالية أو التمويلية ، التقييم المالي للمشاريع الاستثمارية .
653 _aالادارة المالية
653 _aالتسيير المالي
710 _aجامعة الجزائر3: كلية العلوم الإقتصادية، العلوم التجارية وعلوم التسيير
_eناشر علمي
942 _cHANDOUT
999 _c41228
_d41228